Logo BPK

Biblioteka

Politechniki Koszalińskiej

The Constitutions of our United States : (Rekord nr 50053)

Szczegóły MARC
000 -ETYKIETA REKORDU
podpole kontrolne o stałej długości 00746nam a2200229 i 4500
001 - NUMER KONTROLNY REKORDU
pole kontrolne bgj
040 ## - ŹRÓDŁO KATALOGOWANIA
Instytucja, która utworzyła rekord BPK
041 0# - KOD JĘZYKA
Kod języka tekstu eng
044 ## - KOD KRAJU WYDAWCY/PRODUCENTA
Kod kraju wydawcy/producenta USA
080 ## - UNIWERSALNA KLASYFIKACJA DZIESIĘTNA - UKD
UKD 94(73)
008 - POLE O STAŁEJ DŁUGOŚCI - DANE KONTROLNE
podpole kontrolne o stałej długości s uk f |000 0 eng
245 10 - TYTUŁ/ODPOWIEDZIALNOŚĆ
Tytuł The Constitutions of our United States :
Ciąg dalszy tytułu also The Declaration of Indenpendence and Lincoln's Gettysburg Address.
260 ## - STREFA ADRESU WYDAWNICZEGO
Miejsce wydania Chicago :
Nazwa wydawcy/dystrybutora Rand McNally and Company
Data publikacji, dystrybucji/powstania dokumentu cop. 1936.
300 ## - STREFA OPISU FIZYCZNEGO
Objętość 64 s. :
Inne cechy fizyczne il. ;
Rozmiary 17 cm.
650 9# - HASŁO PRZEDMIOTOWE W FORMIE NAZWY OGÓLNEJ LUB JEDNOSTKOWEJ
Nazwa ogólna lub geograficzna Deklaracja Niepodległości
650 9# - HASŁO PRZEDMIOTOWE W FORMIE NAZWY OGÓLNEJ LUB JEDNOSTKOWEJ
Nazwa ogólna lub geograficzna Adres gettysburski
651 9# - HASŁO PRZEDMIOTOWE W FORMIE NAZWY GEOGRAFICZNEJ
Nazwa geograficzna Stany Zjednoczone
Określnik ogólny konstytucja
651 9# - HASŁO PRZEDMIOTOWE W FORMIE NAZWY GEOGRAFICZNEJ
Nazwa geograficzna Stany Zjednoczone
Określnik ogólny Deklaracja Niepodległości
651 9# - HASŁO PRZEDMIOTOWE W FORMIE NAZWY GEOGRAFICZNEJ
Nazwa geograficzna Stany Zjednoczone
Określnik ogólny Adres gettysburski
651 9# - HASŁO PRZEDMIOTOWE W FORMIE NAZWY GEOGRAFICZNEJ
Nazwa geograficzna Stany Zjednoczone
Określnik ogólny historia
942 ## - DODATKOWE ELEMENTY (KOHA)
Typ dokumentu Książka
Egzemplarze
Wycofany Status egzemplarza Uszkodzony Dostępność Lokalizacja stała Lokalizacja bieżąca Miejsce przechowywania Sygnatura Kod kreskowy Dział Typ dokumentu
      Tylko na miejscu Biblioteka Politechniki Koszalińskiej Biblioteka Politechniki Koszalińskiej Czytelnia Wydziałowa ul. Kwiatkowskiego 6e S 2691 02435053 94(73) Historia USA Książka
© 2023 Biblioteka Politechniki Koszalińskiej :: KOHA